Normale Ansicht MARC-Ansicht ISBD

Transnational Encounters? (Titelsatznr. 72781)

[ MARC ]
MARC-Details
000 -Satzkennung
Kontrollfeld mit fester Länge 01075namaa2200301 cb4500
001 - Kontrollnummer
Kontrollfeld BV005305351
003 - Kontrollnummer Identifier
Kontrollfeld DE-70
005 - Datum und Zeit der letzten Transaktion
Kontrollfeld 20250904144453.0
006 - Datenelemente mit fester Länge - Weitere Materialmerkmale
Kontrollfeld mit fester Länge m|||| o||u| ||||||
007 - Feld mit fester Länge zur physischen Beschreibung - Allgemeine Information
Kontrollfeld mit fester Länge tu
007 - Feld mit fester Länge zur physischen Beschreibung - Allgemeine Information
Kontrollfeld mit fester Länge 7
008 - Feld mit fester Länge zur physischen Beschreibung - Allgemeine Angaben
Kontrollfeld mit fester Länge 920527s1980 a||| |||| 00||| und d
020 ## - Internationale Standardbuchnummer
Internationale Standardbuchnummer 9783111680590
Verknüpfung 978-3-11-168059-0
024 ## - Anderer Standardidentifier
Standardnummer oder Code 9783111680590
-- 978-3-11-168059-0
040 ## - Katalogisierungsquelle
Übertragungsstelle RU-10907106
041 ## - Sprachcode
Sprachcode des Textes/der Tonspur oder des separaten Titels eng
100 ## - Haupteintragung - Personenname
Personenname Ciampani, Andrea (Hrsg.); Kroll, Thomas (Hrsg.)
Funktionsbezeichnungscode aut
Koha-Normdatenidentnummer 66832
245 ## - Titel
Titel Transnational Encounters?
Zusatz zum Titel European Elites, International Associations and National States (1882-1914)
Verfasserangabe etc. Edited by Andrea Ciampani and Thomas Kroll
264 ## - Produktion, Veröffentlichung, Distribution, Herstellung und Urheberrechtsvermerk
Herstellungs-, Veröffentlichungs- Vertriebs-, Erzeugungsort Berlin/München/Boston
Produzent, Herausgeber, Distributor, Hersteller De Gruyter; De Gruyter Oldenbourg
Datum der Herstellung, der Veröffentlichung, des Vertriebs oder des Urheberschutzvermerks 2025
300 ## - Physische Beschreibung
Umfang 134 Seiten
336 ## - Inhaltstyp
Quelle rdacontent
Inhaltstypterm Text
Inhaltstypcode txt
337 ## - Medientyp
Quelle rdamedia
Bezeichnung des Medientyps Computermedien
Medientypcode bc
338 ## - Datenträgertyp
Quelle rdacarrier
Datenträgertypbezeichnung Online Ressource
Datenträgertypcode cr
490 ## - Gesamttitelangabe
Gesamttitelangabe Studies in Early Modern and Contemporary European History
Bandnummer/Folgebezeichnung 8
500 ## - Allgemeine Fußnote
Allgemeine Fußnote E-Book / Zugriff nur im Lesesaal
856 ## - Elektronische Adresse und Zugriff
OPAC-Notiz Volltext
URL <a href="https://doi.org/10.1515/9783111680590">https://doi.org/10.1515/9783111680590</a>
942 ## - Zusätzliche Felder (Koha)
Koha-Medientyp E-Books
Klassifikation oder Aufstellungssystematik Andere/Generische Klassifikation
Exemplare
Ausgeschieden Verloren Klassifikation oder Aufstellungssystematik Beschädigt Nicht entleihbar Heimatbibliothek Aufenthaltsbibliothek Aufstellungsort Erwerbungsdatum Inventarnummer Signatur Barcode Letzte Aktivität Preis gültig von Koha-Medientyp
    Andere/Generische Klassifikation     MWN Osteuropa MWN Osteuropa Online-Ressource 04/09/2025 25-e00820 E-25-e00820 75696 04/09/2025 04/09/2025 E-Books